00381 a2200109 4500001000900000005001700009008004100026245008500067100002800152700004900180773004200229ART_554520260410161616.0260409a 10aLas irregularidades contables como disparadores de un debate conceptual profundo1 aCanetti, Miguel Marcelo1 aRodríguez de Ramírez, María del Carmen0 tEnfoquesg- Nº 1 (ene. 2006)wREV416